| 000 | 00572nam a2200181Ia 4500 | ||
|---|---|---|---|
| 008 | 090123s9999 xx 000 0 und d | ||
| 082 | _b5746 | ||
| 100 | _aकणेकर शिरिष मधुकर | ||
| 245 | _aफिल्लमबाजी | ||
| 250 | _a1 | ||
| 260 | _bविजय प्रकाशन | ||
| 300 | _a167 | ||
| 600 | _aकणेकर शिरिष मधुकर | ||
| 630 | _aफिल्लमबाजी | ||
| 700 | _aकणेकर शिरिष मधुकर | ||
| 730 | _aफिल्लमबाजी | ||
| 942 | _cBOOK | ||
| 999 |
_c43811 _d43811 |
||